000
00323nam a22001457a 4500
008
221121b ||||| |||| 00| 0 eng d
020
_a
9780393310436
041
_a
eng
080
_a
575
082
_a
575BRO
100
_a
13
101
_a
BIO
245
_a
THE NORTH HISTORY OF CHEMISTRY
_c
BROCK H.W
942
_2
udc
_c
BK
999
_c
58966
_d
58966